Online
Catalog

Libro de las bellas artes. (Record no. 47168)

MARC details
000 -CABECERA
campo de control de longitud fija 01225nam a2200265 a 4500
001 - NÚMERO DE CONTROL
campo de control 000047680
005 - FECHA Y HORA DE LA ÚLTIMA TRANSACCIÓN
campo de control 20240307073949.0
008 - DATOS DE LONGITUD FIJA--INFORMACIÓN GENERAL
campo de control de longitud fija 111121s2001 dr 000 0 spa d
040 ## - FUENTE DE LA CATALOGACIÓN
Centro catalogador/agencia de origen DO-SdBNP
Lengua de catalogación spa
Centro/agencia transcriptor BNPHU
082 ## - NÚMERO DE LA CLASIFICACIÓN DECIMAL DEWEY
Número de clasificación 700.97293
Número de documento/Ítem L697b, 2001
245 00 - MENCIÓN DE TÍTULO
Título Libro de las bellas artes.
246 14 - FORMA VARIANTE DE TÍTULO
Título propio/Titulo breve El libro de las bellas artes
250 ## - MENCIÓN DE EDICIÓN
Mención de edición 2a. ed.
260 ## - PUBLICACIÓN, DISTRIBUCIÓN, ETC.
Lugar de publicación, distribución, etc. Santo Domingo :
Nombre del editor, distribuidor, etc. Secretaría de Estado de Cultura; Dirección General de Bellas Artes ;
-- UASD,
Fecha de publicación, distribución, etc. 2001.
300 ## - DESCRIPCIÓN FÍSICA
Extensión 387 p. :
Otras características físicas il., mús., retrs. ;
Dimensiones 27 cm.
490 1# - MENCIÓN DE SERIE
Mención de serie Publicación de la Universidad Autónoma de Santo Domingo
Designación de volumen o secuencia 106
500 ## - NOTA GENERAL
Nota general Dirección del Sistema Nacional de Escuelas de Bellas Artes, Dirección Nacional de Artes Visuales, Dirección Nacional de Drama, Dirección Nacional de Música, Dirección Nacional de Danza.
590 ## - NOTA LOCAL (RLIN)
Nota local Inventariado, 2018/VM
500 ## - NOTA GENERAL
Nota general Texto a dos columnas
650 #4 - PUNTO DE ACCESO ADICIONAL DE MATERIA--TÉRMINO DE MATERIA
Término de materia o nombre geográfico como elemento de entrada Arte
Subdivisión general Estudio y enseñanza
Subdivisión geográfica República Dominicana
9 (RLIN) 75280
650 #4 - PUNTO DE ACCESO ADICIONAL DE MATERIA--TÉRMINO DE MATERIA
Término de materia o nombre geográfico como elemento de entrada Arte escolar
Subdivisión general Curriculum
Subdivisión geográfica República Dominicana
9 (RLIN) 75281
710 1# - PUNTO DE ACCESO ADICIONAL--NOMBRE DE ENTIDAD CORPORATIVA
Nombre de entidad corporativa o nombre de jurisdicción como elemento de entrada Universidad Autónoma de Santo Domingo
9 (RLIN) 72951
830 ## - PUNTO DE ACCESO ADICIONAL DE SERIE-TÍTULO UNIFORME
Título uniforme Publiacaciones de la Universidad Autónoma de Santo Domingo
Designación de volumen o secuencia 106
9 (RLIN) 56533
910 ## - DATOS DE OPCIÓN DEL USUARIO (OCLC)
Datos de opción del usuario Validado. Control de calidad MFF
Holdings
Estado de retiro Estado de pérdida No para préstamo Código de colección Localización permanente Ubicación/localización actual Ubicación en estantería Fecha de adquisición Número de inventario Total de préstamos Signatura topográfica completa Código de barras Fecha visto por última vez Precio válido a partir de Tipo de ítem Koha
    Excluido de préstamo Patrimonio Dominicano Patrimonio Dominicano Patrimonio Dominicano Depósito 18.07.2018 LF1   700.97293 L697b, 2001 47680-10 25.06.2020 25.06.2020 Libro y Folleto Colección Patrimonio Dominicano
      Patrimonio Dominicano Patrimonio Dominicano Patrimonio Dominicano Orden iniciada 18.07.2018 LF1   700.97293 L697b, 2001 47681-10 25.06.2020 25.06.2020 Libro y Folleto Colección Patrimonio Dominicano

Powered by Koha